000 00366nam a2200157Ia 4500
005 20250405121734.0
008 240331s9999 xx 000 0 und d
082 _bSEN
_a894
100 _aSengaiyaliyan, K
245 0 _aOrumaya vaddankal
250 _a2nd
260 _aNiraaviyadi
_bKamalam Pathippagam
_c1991
300 _a94 p .,
650 _aNovel
942 _cL
999 _c4060
_d4060